Loading...
| Philosophy | 0 | 8 | 0 | 0 | 80 | 63 | 91.88 | 2 | 5 | 17.48 | 50.00 |
| History - World | 0 | 8 | 1 | 0 | 75 | 54 | 82.25 | 1 | 5 | 21.63 | 44.49 |
| Fine Arts - Classical Music | 0 | 7 | 0 | 0 | 70 | 93 | 111.57 | 0 | 2 | 11.77 | 35.42 |
| Science - Physics | 0 | 7 | 0 | 1 | 70 | 66 | 97.00 | 0 | 5 | 12.97 | 34.67 |
| Science - Other | 0 | 8 | 2 | 0 | 70 | 75 | 88.25 | 2 | 8 | 18.60 | 48.81 |
| Fine Arts - Other | 0 | 6 | 1 | 0 | 55 | 69 | 97.83 | 2 | 6 | 13.34 | 40.63 |
| History - European | 0 | 6 | 1 | 4 | 55 | 112 | 122.50 | 0 | 1 | 0.95 | 25.74 |
| History - Other | 0 | 6 | 2 | 1 | 50 | 49 | 73.00 | 0 | 4 | 20.61 | 33.33 |
| Science - Biology | 0 | 5 | 0 | 0 | 50 | 63 | 80.00 | 4 | 5 | 14.48 | 36.46 |
| Literature - World/Other | 0 | 4 | 0 | 1 | 40 | 81 | 124.00 | 0 | 1 | 4.69 | 11.46 |
| Social Science | 0 | 4 | 2 | 1 | 30 | 63 | 86.50 | 0 | 2 | 8.00 | 16.37 |
| Literature - British | 0 | 3 | 0 | 1 | 30 | 114 | 127.33 | 0 | 1 | 0.90 | 5.21 |
| Geography/Current Events | 0 | 3 | 2 | 0 | 20 | 62 | 72.00 | 1 | 2 | 17.46 | 33.93 |
| Religion | 0 | 3 | 2 | 1 | 20 | 79 | 111.33 | 0 | 1 | 3.94 | 10.42 |
| Other Academic | 0 | 2 | 0 | 0 | 20 | 42 | 69.00 | 0 | 2 | 44.84 | 81.25 |
| Science - Chemistry | 0 | 2 | 0 | 0 | 20 | 67 | 89.00 | 1 | 2 | 4.52 | 13.54 |
| History - American | 0 | 3 | 3 | 0 | 15 | 56 | 84.67 | 1 | 2 | 8.24 | 16.67 |
| Fine Arts - Visual | 0 | 2 | 1 | 0 | 15 | 97 | 99.00 | 0 | 1 | 3.81 | 9.38 |
| Literature - American | 0 | 1 | 0 | 0 | 10 | 138 | 138.00 | 0 | 0 | 0.29 | 2.08 |
| Mythology | 0 | 2 | 2 | 1 | 10 | 122 | 129.00 | 0 | 0 | 0.97 | 7.29 |
| Literature - European | 0 | 1 | 1 | 0 | 5 | 144 | 144.00 | 0 | 0 | 0.00 | 1.04 |